Tìm hiểu hệ thống từ ngữ âm của phương ngôn Nam bộ trong tác phẩm "Cha con nghĩa nặng" của Hồ Biểu Chánh Luận văn tốt nghiệp Đại học Sư phạm ngành Văn Khóa 18

Na minha lista:
Detalhes bibliográficos
Autor principal: Bùi Thu Hòa
Formato: Livro
Idioma:Undetermined
Publicado em: Cần Thơ Trường Đại học Cần Thơ, Khoa Sư phạm 1996
Assuntos:
Tags: Adicionar Tag
Sem tags, seja o primeiro a adicionar uma tag!
Thư viện lưu trữ: Trung tâm Học liệu Trường Đại học Cần Thơ
LEADER 00782nam a2200193Ia 4500
001 CTU_15215
008 210402s9999 xx 000 0 und d
082 |a 495.9227 
082 |b H401/1996 
100 |a Bùi Thu Hòa 
245 0 |a Tìm hiểu hệ thống từ ngữ âm của phương ngôn Nam bộ trong tác phẩm "Cha con nghĩa nặng" của Hồ Biểu Chánh 
245 0 |b Luận văn tốt nghiệp Đại học Sư phạm ngành Văn Khóa 18 
245 0 |c Bùi Thu Hòa 
260 |a Cần Thơ 
260 |b Trường Đại học Cần Thơ, Khoa Sư phạm 
260 |c 1996 
650 |a vietnamese language - dialectique 
904 |i chi, 961205 
980 |a Trung tâm Học liệu Trường Đại học Cần Thơ